Rediseño del proceso de planeación de materia prima y gestión de inventario en la empresa JJD en Brasil
Furkejuvvon:
| Váldodahkki: | |
|---|---|
| Eará dahkkit: | , , |
| Materiálatiipa: | Girji |
| Giella: | Spanish |
| Almmustuhtton: |
[San José, Costa Rica]
2021
|
| Fáttát: | |
| Fáddágilkorat: |
Lasit fáddágilkoriid
Eai fáddágilkorat, Lasit vuosttaš fáddágilkora!
|
MARC
| LEADER | 00000nam a2200000Ia 4500 | ||
|---|---|---|---|
| 003 | 013808 | ||
| 005 | 20240319092005.0 | ||
| 008 | 140114s2021 cr a 000 ||spa d | ||
| 040 | |c cru CEDI | ||
| 100 | |a Jirón Fonseca, José, 1997- |9 2695 | ||
| 245 | |a Rediseño del proceso de planeación de materia prima y gestión de inventario en la empresa JJD en Brasil | ||
| 260 | |a [San José, Costa Rica] |c 2021 | ||
| 500 | |a Proyecto de graduación (licenciatura en ingeniería industrial)--Universidad de Costa Rica. Facultad de Ingeniería. Escuela de Ingeniería Industrial | ||
| 501 | |a Director de Proyecto de Graduación: Dr. Edwin Quirós Villalobos | ||
| 650 | |x PLANIFICACION DE LA PRODUCCION |x PLANIFICACION ESTRATEGICA |x ADMINISTRACION DE LA PRODUCCION |x CONTROL DE INVENTARIOS - PLANIFICACION - DISEÑO |x CONTROL DE INVENTARIOS - ADMINISTRACION - BRASIL | ||
| 700 | |a Porras Jiménez, Jesús, 1997- |9 2696 | ||
| 700 | |a Rockbrand Campos, Daniel, 1997- |9 2693 | ||
| 700 | |a Quirós Villalobos, Edwin |d Director del TFG |9 1056 | ||
| 942 | |c TFG |h TFG 8949 |i 013808 |6 TFG_8949_013808000000000 | ||
| 999 | |c 12773 |d 12773 | ||
